Giáo trình văn học trung đại Việt Nam
Khái quát giai đoạn văn học từ thế kỷ XVIII đến nửa đầu thế kỷ XIX, tiểu thuyết chương hồi và Hoàng Lê nhất thống chí, thể ký và thương kinh ký sự, Vũ trung tùy bút, thể ngâm khúc và chinh phụ ngâm khúc, truyện thơ nôm, Nguyễn Du và Đoạn...
Сохранить в:
| Главный автор: | |
|---|---|
| Формат: | |
| Язык: | Undetermined |
| Опубликовано: |
Hà Nội
Giáo dục Việt Nam
2019
|
| Предметы: | |
| Метки: |
Добавить метку
Нет меток, Требуется 1-ая метка записи!
|
| Thư viện lưu trữ: | Trung tâm Học liệu Trường Đại học Cần Thơ |
|---|
| LEADER | 01390nam a2200217Ia 4500 | ||
|---|---|---|---|
| 001 | CTU_231052 | ||
| 008 | 210402s9999 xx 000 0 und d | ||
| 020 | |c 105000 | ||
| 082 | |a 809.89597 | ||
| 082 | |b Th311/T.2 | ||
| 100 | |a Lã, Nhâm Thìn | ||
| 245 | 0 | |a Giáo trình văn học trung đại Việt Nam | |
| 245 | 0 | |c Lã Nhâm Thìn, Vũ Thanh (đồng chủ biên) | |
| 260 | |a Hà Nội | ||
| 260 | |b Giáo dục Việt Nam | ||
| 260 | |c 2019 | ||
| 520 | |a Khái quát giai đoạn văn học từ thế kỷ XVIII đến nửa đầu thế kỷ XIX, tiểu thuyết chương hồi và Hoàng Lê nhất thống chí, thể ký và thương kinh ký sự, Vũ trung tùy bút, thể ngâm khúc và chinh phụ ngâm khúc, truyện thơ nôm, Nguyễn Du và Đoạn trường tân thanh,, Hồ Xuân Hương, Bà Huyện Thanh Quan, Thơ chữ Hán và Cao Bá Quát, Hát nói và Nguyễn Công Trứ, khái quát giai đoạn văn học nửa cuối thế kỷ XIX, Nguyễn Đình Chiểu, Nguyễn Khuyến, Trần Tế Xương. | ||
| 650 | |a Văn học Việt Nam,Vietnamese literature | ||
| 650 | |x Lịch sử và phê bình,History and criticism | ||
| 910 | |b vtbtruc | ||
| 980 | |a Trung tâm Học liệu Trường Đại học Cần Thơ | ||